You've Got a 50/50 Chance! Quiz Stats

 Plays Quiz Updated Apr 5, 2019

Score 0/50 Timer 04:00
1 Play Today
Factoid L or G? % Correct
Weeks in a year???
93.1%
MLB players with 3,000+ hits???
84.4%
Seasons Alex Ferguson managed Manchester United???
84.3%
Number of Pixar films???
82.8%
World Series appearances by the Yankees???
79.9%
Teeth in a great white shark???
79.1%
Age Hitler became F├╝hrer???
77.7%
Women who have been governor of a U.S. state???
76.4%
Countries in the 2014 Winter Olympics???
76%
Millions of miles between Earth and the Sun???
75.3%
Average number of friends on Facebook???
75.2%
Eggs a chicken lays in a year???
73.9%
Countries with a Starbucks location???
72.8%
Carats in pure gold???
72.6%
JFK's age when assassinated???
72.5%
Countries in Africa???
68.5%
Ounces in a quart???
68%
Countries in Europe???
66.6%
Number of human vertebrae???
65.2%
Lifeboats on the Titanic???
65.1%
Total number of U.S. presidents???
65%
Elvis Presley #1 Billboard Hits???
63.9%
Age Churchill became Prime Minister (first time)???
63.3%
Lee Harvey Oswald's age when he assassinated JFK???
60.8%
Weight of a keg of beer (pounds)???
60.2%
Factoid L or G? % Correct
Calories in the average banana???
59.7%
Jack Ruby's age when he killed Lee Harvey Oswald???
58.3%
Post-season games coached by Bill Belichick???
57.2%
Average age of inmates in a U.S. federal prison???
56.9%
NCAA tourney games coached by Mike Krzyzewski???
56.9%
Novels published by Agatha Christie???
56.5%
Mark Twain's age when 'Huck Finn' was published???
56.4%
Age Franklin D. Roosevelt became President???
56%
Centimeters in 18 inches???
53.5%
'VALUE' in Scrabble with Double Word Score???
53%
Number of Disney animated feature films???
49.5%
Beads in a Catholic rosary???
48.7%
Plays written by Shakespeare???
48%
Average number of baseballs used in an MLB game???
46.1%
Number of times 128 goes into 6,656???
43.2%
U.S. cities with 500,000+ populations???
42.5%
Varieties of apples grown commercially in U.S.???
41.7%
Elevation of Mount Everest thousands of feet???
40.9%
Total sports in the Summer and Winter Olympics???
40.1%
Average annual rainfall in London (inches)???
36.1%
Prime numbers below 400???
36.1%
U.S. Declaration of Independence signers???
34.5%
Countries with 20,000,000+ populations???
33.1%
IKEA stores in the United States???
31.4%
Pyramids in Egypt???
29.8%

You're not logged in!

Compare scores with friends on all Sporcle quizzes.
OR
Log In

Show Comments

Extras

Top Quizzes Today


Score Distribution

Your Account Isn't Verified!

In order to create a playlist on Sporcle, you need to verify the email address you used during registration. Go to your Sporcle Settings to finish the process.

Report this User

Report this user for behavior that violates our Community Guidelines.

Details: